000 00893nam a22002531a 4500
005 20200805143554.0
008 200805s2018 ii a j 00| 1 may d
020 _a9788123435923
_cRM 235.20 (set)
_cRM 19.60
_qpaperback
040 _aPPAK
_beng
_cPPAK
_erda
082 0 4 _223
_a398.2
090 0 0 _a398.2
_bBOO
_dK
245 0 0 _6880-01
_aBoots Potte Puunai Kutti =
_bKucing Berkasut But /
246 3 _aPūṭs pōṭṭa pūn̲aikkuṭṭi.
264 1 _aChennai, India :
_bNestling Books Publishing ,
_c2018.
300 _a16 pages :
_bcolor illustration ;
_c29 cm.
336 _2rdacontent
_atext
337 _2rdamedia
_aunmediated
338 _2rdacarrier
_avolume
546 _aIn Tamil.
650 1 0 _aTales
_xJuvenile literature.
650 2 0 _aChildren's stories, Tamil
880 0 0 _6245-01
_aபூட்ஸ் போட்ட பூனைக்குட்டி.
942 _2ddc
_cB
999 _c178490
_d178489